000 00612nam a2200229Ia 4500
003 OSt
005 20220928143643.0
006 a|||||r|||| 00| 0
007 ta
008 220927b |||||||| |||| 00| 0 eng d
024 _a22828
037 _cTextual
040 _aSDCL
_cSDCL
_beng
041 _2eng
_aeng
082 _aX:8D, M1
100 _aO'Connor Dennis J
_9489311
245 0 _aManagerial finance
_b Theory and techniques
260 _c1981
700 _a Bueso Alberto T
_9489312
942 _hX:8D, M1
_cTEXL
_2CC
999 _c824783
_d824783